UML components : a simple process for specifying component-based software

Αποθηκεύτηκε σε:
Λεπτομέρειες βιβλιογραφικής εγγραφής
Κύριος συγγραφέας: Cheesman, John 1962-
Άλλοι συγγραφείς: Daniels, John 1956-
Μορφή: Βιβλίο
Γλώσσα:English
Δημοσίευση: Boston : Addison-Wesley, c2001
Σειρά:Component software series
Θέματα:
Ετικέτες: Προσθήκη ετικέτας
Δεν υπάρχουν, Καταχωρήστε ετικέτα πρώτοι!

MARC

LEADER 00000nam a2200000 i 4500
001 1/20042
008 010709s2001 eng d
020 |a 0-201-70851-5 
035 |l 10067056 
040 |a GR-MY-UA  |b gre  |e aacr 
041 0 |a eng 
082 0 |a 005.3 
100 1 |a Cheesman, John  |d 1962- 
245 1 0 |a UML components :  |b a simple process for specifying component-based software /  |c John Cheesman, John Daniels 
260 |a Boston :   |b Addison-Wesley,   |c c2001 
300 |a xviii, 176 p.;  |b ill.;  |c 23 cm. 
490 1 |a Component software series 
504 |a Includes bibliographical references and index. 
650 0 0 |a Component software. 
650 0 0 |a UML (Computer science) 
700 1 |a Daniels, John  |d 1956- 
830 0 |a Component software series 
852 |a INST  |b SAMOS  |e 20010709  |h 005.3 CHE  |p 005300020664  |q 005300020664  |t BK  |y 0 
901 |a BIBL3-2001-2 
909 |a Σ  |b 087039 
922 |a 3ΕΛΗ  |b 200002  |c ΤΠΕΣ/ΠΟΛ  |d LEADER 
970 |a ΜΑΛΑΓΑΡΗ  |b ΦΩΤΕΙΝΗ  |z 2001/07/09